000
00193nam a2200085 4500
001
1258933
005
20260406103530.0
245
_a
2. KILIÇARSLAN
_c
HASAN YİĞİT
260
_b
MAVİÇATI YAYINLARI
999
_c
1258933
_d
1258933